<?xml version="1.0" encoding="UTF-8"?>
<record
    xmlns:xsi="http://www.w3.org/2001/XMLSchema-instance"
    xsi:schemaLocation="http://www.loc.gov/MARC21/slim http://www.loc.gov/standards/marcxml/schema/MARC21slim.xsd"
    xmlns="http://www.loc.gov/MARC21/slim">

  <leader>01208nam a22003137a 4500</leader>
  <controlfield tag="003">OSt</controlfield>
  <controlfield tag="005">20250612193642.0</controlfield>
  <controlfield tag="007">ta</controlfield>
  <controlfield tag="008">250612b        |||||||| |||| 00| 0 sp  d</controlfield>
  <datafield tag="040" ind1=" " ind2=" ">
    <subfield code="a">CUNOROC</subfield>
    <subfield code="b">spa</subfield>
    <subfield code="c">CUNOROC</subfield>
    <subfield code="d">CUNOROC</subfield>
  </datafield>
  <datafield tag="041" ind1=" " ind2=" ">
    <subfield code="a">spa</subfield>
    <subfield code="d">spa</subfield>
    <subfield code="e">spa</subfield>
    <subfield code="g">spa</subfield>
    <subfield code="h">spa</subfield>
  </datafield>
  <datafield tag="082" ind1=" " ind2=" ">
    <subfield code="a">T 47 09</subfield>
  </datafield>
  <datafield tag="100" ind1="1" ind2="0">
    <subfield code="a">Nu&#xF1;ez D&#xED;az, Narcy Natallie.</subfield>
    <subfield code="9">13232</subfield>
  </datafield>
  <datafield tag="245" ind1="1" ind2="0">
    <subfield code="a">Las caracter&#xED;sticas del modelo de gesti&#xF3;n por audiencias que mayores resistencias han encontrado en la cultura y tradici&#xF3;n jur&#xED;dicas nacionales./</subfield>
    <subfield code="c">Narcy Natallie Nu&#xF1;ez D&#xED;az./</subfield>
    <subfield code="h">Digital.--</subfield>
  </datafield>
  <datafield tag="260" ind1=" " ind2=" ">
    <subfield code="a">Huehuetenango, Guatemala:</subfield>
    <subfield code="b">CUNOROC;</subfield>
    <subfield code="c">c2018.</subfield>
  </datafield>
  <datafield tag="300" ind1=" " ind2=" ">
    <subfield code="a">105 p&#xE1;ginas:</subfield>
    <subfield code="b">il;</subfield>
    <subfield code="c">21 cm.--</subfield>
  </datafield>
  <datafield tag="650" ind1=" " ind2=" ">
    <subfield code="a">Derecho procesal penal</subfield>
    <subfield code="9">13009</subfield>
  </datafield>
  <datafield tag="650" ind1=" " ind2=" ">
    <subfield code="a">Derecho de defensa</subfield>
    <subfield code="9">12992</subfield>
  </datafield>
  <datafield tag="650" ind1=" " ind2=" ">
    <subfield code="a">Presunci&#xF3;n de inocencia</subfield>
    <subfield code="9">13233</subfield>
  </datafield>
  <datafield tag="650" ind1=" " ind2=" ">
    <subfield code="a">Principio de legalidad</subfield>
    <subfield code="9">13234</subfield>
  </datafield>
  <datafield tag="650" ind1=" " ind2=" ">
    <subfield code="a">Principio de oportunidad</subfield>
    <subfield code="9">13235</subfield>
  </datafield>
  <datafield tag="650" ind1=" " ind2=" ">
    <subfield code="a">Principio acusatorio</subfield>
    <subfield code="9">13236</subfield>
  </datafield>
  <datafield tag="650" ind1=" " ind2=" ">
    <subfield code="a">Principio de oficialidad</subfield>
    <subfield code="9">13237</subfield>
  </datafield>
  <datafield tag="650" ind1=" " ind2=" ">
    <subfield code="a">Sana cr&#xED;tica razonada</subfield>
    <subfield code="9">13238</subfield>
  </datafield>
  <datafield tag="650" ind1=" " ind2=" ">
    <subfield code="a">Querellante</subfield>
    <subfield code="9">13239</subfield>
  </datafield>
  <datafield tag="650" ind1=" " ind2=" ">
    <subfield code="a">Imputado</subfield>
    <subfield code="9">12995</subfield>
  </datafield>
  <datafield tag="856" ind1=" " ind2=" ">
    <subfield code="u">https://drive.google.com/file/d/1x240-MLjxul8Nqrw1oauBnSUsKvDAmt_/view?usp=sharing</subfield>
  </datafield>
  <datafield tag="942" ind1=" " ind2=" ">
    <subfield code="2">ddc</subfield>
    <subfield code="c">TESIS</subfield>
    <subfield code="n">0</subfield>
  </datafield>
  <datafield tag="999" ind1=" " ind2=" ">
    <subfield code="c">5429</subfield>
    <subfield code="d">5429</subfield>
  </datafield>
  <datafield tag="952" ind1=" " ind2=" ">
    <subfield code="0">0</subfield>
    <subfield code="1">0</subfield>
    <subfield code="2">ddc</subfield>
    <subfield code="4">0</subfield>
    <subfield code="7">0</subfield>
    <subfield code="8">NFIC</subfield>
    <subfield code="a">CUH</subfield>
    <subfield code="b">CUH</subfield>
    <subfield code="c">Tesis</subfield>
    <subfield code="d">2025-06-12</subfield>
    <subfield code="l">0</subfield>
    <subfield code="o">T 47 09</subfield>
    <subfield code="r">2025-06-12 19:36:06</subfield>
    <subfield code="w">2025-06-12</subfield>
    <subfield code="y">TESIS</subfield>
    <subfield code="z">Disponible</subfield>
  </datafield>
</record>
